Gran libro de la cocina colombiana / (Registro nro. 20218)
[ vista simple ]
| 000 -CABECERA | |
|---|---|
| Campo de control | 00902nam a2200241 a 4500 |
| 005 - FECHA Y HORA DE LA ULTIMA TRANSACCION | |
| Campo de control | 20180605085405.0 |
| 008 - ELEMENTOS DE LONGITUD FIJA—INFORMACION GENERAL | |
| Campo de control | 140424s2012 ck a gr 00110 spa d |
| 020 ## - ISBN | |
| ISBN | 9789587530667 |
| 020 ## - ISBN | |
| ISBN | 9789587530582 (obra completa) |
| 040 ## - FUENTE DE CATALOGACIÓN | |
| Agencia catalogadora original | CO-BoBLA |
| Agencia transcriptora | CO-BoBLA |
| Agencia Modificadora | CO-BoIAVH |
| 041 0# - IDIOMA | |
| Código de idioma para texto/pista de sonido o título separado | Español |
| 044 ## - PAÍS DE PUBLICACIÓN | |
| País de publicación | Colombia |
| 082 04 - NUMERO DE CLASIFICACION DECIMAL DEWEY | |
| Número de clasificación | 306.409861 |
| Número del ítem | P14h |
| 245 00 - MENCION DE TITULO | |
| Título | Gran libro de la cocina colombiana / |
| Mención de responsabilidad | Investigación y recopilación Carlos Ordóñez Caicedo |
| 260 ## - PUBLICACION, DISTRIBUCION, ETC. (PIE DE IMPRENTA) | |
| Lugar de publicación, distribución, etc. | Bogotá (Colombia) : |
| Nombre del editor, distribuidor, etc. | Ministerio de Cultura, |
| Fecha de publicación, distribución, etc. | 2012. |
| 300 ## - DESCRIPCION FISICA | |
| Extensión | 435 páginas : |
| Otros detalles físicos | ilustraciones a color ; |
| Dimensiones | 21 x 17 cm. |
| 490 0# - MENCION DE SERIE | |
| Mención de serie | Biblioteca básica de cocinas tradicionales de Colombia ; |
| Designación numérica/secuencial del volumen | 9 |
| 500 ## - NOTA GENERAL | |
| Nota general | Incluye índice. |
| 650 26 - ASIENTO SECUNDARIO DE MATERIA - TERMINO TEMATICO | |
| Término temático o nombre geográfico como elemento de entrada | Preparación de alimentos |
| Subdivisión geográfica | Colombia |
| 9 (RLIN) | 91438 |
| 650 26 - ASIENTO SECUNDARIO DE MATERIA - TERMINO TEMATICO | |
| Término temático o nombre geográfico como elemento de entrada | Alimentos |
| Subdivisión geográfica | Colombia |
| Subdivisión cronológica | Siglo XX |
| 9 (RLIN) | 91439 |
| 700 1# - ASIENTO SECUNDARIO - NOMBRE PERSONAL | |
| Nombre personal | Ordóñez Caicedo, Carlos |
| Fechas asociadas con el nombre | 1936- |
| Término de relación | compilador |
| 9 (RLIN) | 91440 |
| 942 ## - ELEMENTOS ADICIONALES (KOHA) | |
| Sistema de clasificación | Dewey Decimal Classification |
| Tipo de ítem | Libro |
| Withdrawn status | Lost status | Sistema de Clasificación | Damaged status | No para préstamo | Colección | Ubicación Permanente | Ubicación actual | Fecha de adquisición | Total Checkouts | Número topográfico | Inventario / Código de Barras | Date last seen | Date checked out | Ejemplar | Price effective from | Forma de adquisición | Tipo de material |
|---|---|---|---|---|---|---|---|---|---|---|---|---|---|---|---|---|---|
| Dewey Decimal Classification | General | Bogotá | Bogotá | 05/06/2018 | 1 | LB-306.409861 P14h | 030125 | 06/03/2019 | 06/03/2019 | V.9 Ej.1 | 05/06/2018 | Donación | Libro |